000 03153cam a2200409 a 4500
001 15502471
003 OSt
005 20180117085941.0
008 081028s2010 enka b 001 0 eng
010 _a 2008044650
020 _a9780415342094 (hardcover)
020 _a0415342090 (hardcover)
020 _a9780415342100 (pbk.)
020 _a0415342104 (pbk.)
020 _a9780203879146 (ebk.)
020 _a0203879147 (ebk.)
035 _a(OCoLC)ocn265731856
040 _aDLC
_cDLC
_dBWK
_dC#P
_dIAY
_dOKU
_dUBY
_dEQO
_dBWX
_dDEBBG
_dDLC
050 0 0 _aJF1501
_b.P43 2010
082 0 0 _a351
_222
100 1 _aPeters, B. Guy.
245 1 4 _aThe politics of bureaucracy :
_ban introduction to comparative public administration /
_cB. Guy Peters.
250 _a6th ed.
260 _aAbingdon ;
_aNew York :
_bRoutledge,
_c2010.
300 _axii, 380 p. :
_bill. ;
_c26 cm.
504 _aIncludes bibliographical references and index.
505 0 _aPublic administration and governing -- Political culture and public administration -- Recruiting public personnel -- Problems of administrative structure -- The politics of bureaucracy -- The bureaucracy and political institutions -- The politics of the budgetary process -- The politics of administrative accountability -- Administrative reform -- The politics of public management.
520 _a"Written by a leading authority in the field, this comprehensive exploration of the political and policy-making roles of public bureaucracies is now available in a fully revised sixth edition, offering extensive, well documented comparative analysis of the effects of politics on bureaucracy. New to the 6th edition: more international case studies on North America, Western and Eastern European and Asian countries; discussion of how governments have been developing strategies to enhance co-ordination and coherence across their programmes; analysis of the use of performance management in public administration; more tables, case studies and internet links; and extensive revision and updating to take into account the wealth of new literature that has emerged in recent years, including a discussion of E-Governance and analysis of 'new public management'. Drawing on evidence from a wide variety of political systems, The Politics of Bureaucracy continues to be essential reading for all students of government, policy analysis, and politics and international relations."--Publisher's description.
650 0 _aPublic administration.
650 0 _aBureaucracy.
650 0 _aComparative government.
856 _uhttp://bvbm2.bib-bvb.de:8993/F?func=service&doc_library=BVB01&doc_number=016501763&line_number=0001&func_code=DB_RECORDS&service_type=MEDIA
_zInhaltsverzeichnis
906 _a7
_bcbc
_corignew
_d1
_eecip
_f20
_gy-gencatlg
942 _2ddc
_cBK
999 _c2460
_d2460